Statistiques concernant 1 acteur / actrice = 1 personnage

Cliquez ici pour prendre le quiz!

Statistiques générales

  • Ce quiz a été pris 123 fois
    (121 depuis la dernière actualisation)
  • Le résultat moyen est 5 sur 15

Statistiques - réponses

Réponse% Correct
Le Joker (Le Chevalier noir)
79%
Ça (Ça)
66%
Gamora (Les Gardiens de la Galaxie)
65%
Voldemort (Harry Potter)
51%
Hellboy (Hellboy)
46%
Gimli (Le Seigneur des Anneaux)
42%
Nebula (Les Gardiens de la Galaxie)
42%
Valak (La Nonne)
42%
La reine de coeur (Alice au pays des merveilles)
29%
La mouche (La mouche)
25%
Dark Maul (Star Wars)
18%
Freddy (Les Griffes de la nuit)
18%
Le chasseur Van Pelt (Jumanji)
8%
Regan (L'exorciste)
7%
Oncle Fétide (La Famille Addams)
5%

Distribution des résultats

Percentile par nombre de réponses

% des personnes avec chaque résultat

Votre développement - résultats

Vous n’avez pas pris ce quiz depuis la dernière actualisation